000 00310nam a2200133Ia 4500
008 191201s2007 xx 000 0 und d
082 _a658.5
_bPRO
100 _aPRASAD, L M
245 0 _aOrganisational Behaviour
260 _aN.Delhi
_bSultan Chand
_c2007
300 _a709
650 _aMBA
942 _2ddc
_cBK
999 _c2799
_d2799